00622 2200217 4500001002100000005001500021035002000036007000300056008004100059020002200100082000800122084001400130100001800144245010000162260004200262300003100304650002000335700002500355990001200380990001200392INLIS00000000000267020190103105510 a0010-0119000022ta190103 a 0 ind  a978-602-394-746-1 a028 a028 STE s0 aSTELLA, Ernes1 aSaat Aku Besar Nanti :bAku Ingin Menjadi Koki /cStella Ernes; penyunting, Amelita Risa Oktora aJakarta :bBhuana Ilmu Populer,c2017 a29 hlm. :bilus. ;c20 cm. aBUKU DAN BACAAN0 aAMELITA, Risa Oktora a16944 a a16944 b